| 000 | 00816nam a2200349Ia 4500 | ||
|---|---|---|---|
| 001 | 5056 | ||
| 003 | 10043 | ||
| 005 | 20250301070728.0 | ||
| 008 | ||||||n9999 ||| || || | ||
| 041 | _aspa | ||
| 082 |
_221 _a338 |
||
| 100 | 1 |
_aBettelheim, Charles, _d1913-2006 _96098 |
|
| 245 | 0 | _aProblemas teoricos y practicos de la planificacion | |
| 260 |
_aEspaña : _bTECNO, _c1962. |
||
| 300 | _a424p | ||
| 490 |
_aColeccion de ciencias sociales _vNO.20 |
||
| 562 | _e1 | ||
| 650 |
_aEUROPA _9478 |
||
| 650 |
_aPLANIFICACIÓN _93951 |
||
| 650 |
_aPRECIOS _93216 |
||
| 650 |
_aRUSIA _93107 |
||
| 650 | 0 |
_aSalarios _93217 |
|
| 942 | _cBKM | ||
| 942 | _cBKM | ||
| 999 |
_c5056 _d5056 |
||
| 526 | _a116204 | ||
| 526 | _a4969 | ||
| 526 | _a19790 | ||
| 526 | _a104436 | ||
| 526 | _a5144 | ||
| 526 | _a51868 | ||
| 526 | _a1697 | ||